书目信息 |
| 题名: |
2007全国注册岩土工程师执业资格考试专业考试考前30天冲刺
|
|
| 作者: | 李彰明 主编 | |
| 分册: | ||
| 出版信息: | 北京 中国电力出版社 2007.05 |
|
| 页数: | 791页 | |
| 开本: | 21cm | |
| 丛书名: | ||
| 单 册: | ||
| 中图分类: | TU4 | |
| 科图分类: | ||
| 主题词: | 岩土--yan tu--工程技术人员--资格考试--自学参考资料 | |
| 电子资源: | ||
| ISBN: | 978-7-5083-5602-0 | |
| 000 | 01409nam0 2200265 450 | |
| 001 | 012007898775 | |
| 005 | 20071228094245.76 | |
| 010 | @a978-7-5083-5602-0@dCNY88.00 | |
| 100 | @a20071228d2007 km y0chiy0120 ea | |
| 101 | 0 | @achi |
| 102 | @aCN@b110000 | |
| 105 | @ay a 000yy | |
| 106 | @ar | |
| 200 | 1 | @a2007全国注册岩土工程师执业资格考试专业考试考前30天冲刺@A2007 quan guo zhu ce yan tu gong cheng shi zhi ye zi ge kao shi zhuan ye kao shi kao qian 30 tian chong ci@f李彰明主编@Fli zhang ming zhu bian |
| 210 | @a北京@c中国电力出版社@d2007.05 | |
| 215 | @a791页@d21cm | |
| 314 | @a李彰明,教授,土木工程工学博士,广东省重点扶持学科(岩土工程学科)带头人,香港理工大学、香港科技大学高级访问学者、英国利物浦大学荣誉研究员,中国岩石力学与工程学会首批会员。 | |
| 320 | @a有书目 (第789-791页) | |
| 330 | @a全书紧扣考试大纲、规范和考试题型,按照考试科目的分值分配。全书共由30天内容组成:第1天对考试内容范围及分布、总体趋势及要求形成总体印象;第2~28天就大纲所要求的知识点依次进行独立训练,一般每天50题;第29~30天为2套全真模拟试卷。 | |
| 517 | 1 | @a全国注册岩土工程师执业资格考试专业考试考前30天冲刺@Aquan guo zhu ce yan tu gong cheng shi zhi ye zi ge kao shi zhuan ye kao shi kao qian 30 tian chong ci |
| 606 | 0 | @a岩土@Ayan tu@x工程技术人员@x资格考试@j自学参考资料 |
| 690 | @aTU4@v4 | |
| 701 | 0 | @a李彰明@Ali zhang ming@4主编 |
| 801 | 0 | @aCN@bQSSK@c20071228 |
| 905 | @b273283-85@dTU4@eL334@f3 | |
| 2007全国注册岩土工程师执业资格考试专业考试考前30天冲刺/李彰明主编.-北京:中国电力出版社,2007.05 |
| 791页;21cm |
| ISBN 978-7-5083-5602-0:CNY88.00 |
| 全书紧扣考试大纲、规范和考试题型,按照考试科目的分值分配。全书共由30天内容组成:第1天对考试内容范围及分布、总体趋势及要求形成总体印象;第2~28天就大纲所要求的知识点依次进行独立训练,一般每天50题;第29~30天为2套全真模拟试卷。 |
| ● |
| 相关链接 |
|
|
|
正题名:2007全国注册岩土工程师执业资格考试专业考
索取号:TU4/L334
 
预约/预借
| 序号 | 登录号 | 条形码 | 馆藏地/架位号 | 状态 | 备注 |
| 1 | 273283 | 202732837 | 建筑库101/101建筑库 92排4列3层/ [索取号:TU4/L334] | 在馆 | |
| 2 | 273284 | 202732846 | 建筑库101/101建筑库 92排3列4层/ [索取号:TU4/L334] | 在馆 | |
| 3 | 273285 | 202732855 | 建筑库101/101建筑库 92排3列3层/ [索取号:TU4/L334] | 在馆 |